[Event "Assisi op-B 5th"]
[Site "Assisi"]
[Date "2010.12.18"]
[Round "4"]
[White "Marcugini, Stefano"]
[Black "Romano, Claudio"]
[Result "1-0"]
[WhiteElo "1834"]
[BlackElo "1749"]
[PlyCount "95"]
[EventDate "2010.12.17"]
[EventType "swiss"]
[EventRounds "5"]
[EventCountry "ITA"]
[SourceTitle "EXT 2024"]
[Source "ChessBase"]
[SourceDate "2023.10.10"]
[SourceVersion "1"]
[SourceVersionDate "2023.10.10"]
[SourceQuality "1"]

1. e4 d5 2. exd5 Qxd5 3. Nc3 Qd8 4. d4 Nf6 5. Nf3 e6 6. Bg5 Be7 7. Be2 0-0 8. Qd3 c6 9. 0-0-0 Nbd7 10. Ne5 Nxe5 11. dxe5 Qxd3 12. Rxd3 Nd5 13. Bxe7 Nxe7 14. Rhd1 Nd5 15. g3 a5 16. Bf3 b5 17. Ne4 Ba6 18. Nc5 b4 19. Rd4 Bb5 20. R1d2 Rac8 21. h4 Rfe8 22. Rg4 h6 23. Nb7 Re7 24. Nd6 Rd8 25. Nxb5 cxb5 26. Rgd4 Rdd7 27. Bxd5 exd5 28. f4 Rd8 29. Rxd5 Rxd5 30. Rxd5 Rb7 31. Kd2 Kf8 32. Kd3 Ke7 33. g4 g6 34. f5 h5 35. fxg6 fxg6 36. g5 Ke6 37. Ke4 Rc7 38. Rd6+ Ke7 39. Kd3 Rc4 40. Rd4 Ke6 41. Rxc4 bxc4+ 42. Kxc4 Kxe5 43. c3 Kf4 44. cxb4 axb4 45. Kxb4 Kg4 46. a4 Kxh4 47. a5 Kxg5 48. a6 1-0

[Event "Umbria Regional-ch"]
[Site "Foligno"]
[Date "2009.06.05"]
[Round "3"]
[White "Marcugini, Stefano"]
[Black "Ficco, Corrado"]
[Result "1/2-1/2"]
[WhiteElo "1925"]
[BlackElo "2163"]
[PlyCount "50"]
[EventDate "2009.06.05"]
[EventType "swiss"]
[EventRounds "6"]
[EventCountry "ITA"]
[SourceTitle "EXT 2011"]
[Source "ChessBase"]
[SourceDate "2010.11.26"]
[SourceVersion "1"]
[SourceVersionDate "2010.11.26"]
[SourceQuality "1"]

1. e4 c5 2. Nf3 e6 3. d4 cxd4 4. Nxd4 Nf6 5. Nc3 Nc6 6. a3 d6 7. Be2 Be7 8. Be3 a6 9. 0-0 0-0 10. Kh1 Qc7 11. f4 Re8 12. Qe1 Bd7 13. Qg3 Rac8 14. Nxc6 Bxc6 15. e5 Ne4 16. Nxe4 Bxe4 17. exd6 Bxd6 18. Bd4 g6 19. c3 e5 20. fxe5 Bxe5 21. Bxe5 Qxe5 22. Qf2 Bxg2+ 23. Qxg2 Qxe2 24. Qxb7 Rb8 25. Qxf7+ Kh8 1/2-1/2

[Event "Assisi op-B 4th"]
[Site "Assisi"]
[Date "2008.12.23"]
[Round "7"]
[White "Marcugini, Stefano"]
[Black "Parrini, Fabio"]
[Result "1-0"]
[WhiteElo "1931"]
[BlackElo "1900"]
[PlyCount "79"]
[EventDate "2008.12.20"]
[EventType "swiss"]
[EventRounds "7"]
[EventCountry "ITA"]
[SourceTitle "EXT 2011"]
[Source "ChessBase"]
[SourceDate "2010.11.26"]
[SourceVersion "1"]
[SourceVersionDate "2010.11.26"]
[SourceQuality "1"]

1. e4 e5 2. Nf3 Nc6 3. Bb5 d6 4. d4 Bd7 5. 0-0 Nf6 6. Bg5 Be7 7. Nc3 h6 8. Bxf6 Bxf6 9. Nd5 a6 10. Nxf6+ Qxf6 11. dxe5 Nxe5 12. Bxd7+ Nxd7 13. Qd4 0-0 14. Rad1 Rae8 15. Rfe1 Qg6 16. c3 Nc5 17. e5 Ne6 18. Qa7 Nf4 19. g3 Nd3 20. Re3 Nxb2 21. Rd5 Nc4 22. Re1 c6 23. Rd4 Nxe5 24. Nxe5 Rxe5 25. Red1 d5 26. Qxb7 Qc2 27. Qb3 Re2 28. Qxc2 Rxc2 29. R1d2 Rxc3 30. Ra4 Ra8 31. Rb2 a5 32. Rb7 Rc2 33. Rf4 f6 34. Rg4 g5 35. Ra4 Re8 36. Rxa5 Kf8 37. Raa7 Rce2 38. Rh7 Kg8 39. Rhg7+ Kf8 40. Raf7# 1-0